| 000 | 00450nam a22001577a 4500 | ||
|---|---|---|---|
| 005 | 20240820120011.0 | ||
| 008 | 240820b |||||||| |||| 00| 0 eng d | ||
| 020 | _a1-882577-52-3 | ||
| 082 |
_a332.0285 _bFUT |
||
| 245 |
_aFuture of Money in the Information Age/ _cJames A. Dorn |
||
| 260 |
_aWashington; _bCATO Institute; _c1997 |
||
| 300 |
_avii, 171 p.: _bill.; _c23 cm. |
||
| 500 | _aIncludes index. | ||
| 650 | _aSocial Sciences | ||
| 999 |
_c36423 _d36423 |
||